Microsoft frontpage 98
| Other Authors: | |
|---|---|
| Format: | Book |
| Published: |
Indianapolis :
Samsnet ,
1998
|
| Edition: | 3rd ed. |
| Subjects: |
MARC
| LEADER | 00000cam a2200000 7i4500 | ||
|---|---|---|---|
| 001 | 0000006685 | ||
| 005 | 20050616.0 | ||
| 020 | |a 1575213494 | ||
| 040 | |a INS | ||
| 090 | 0 | 0 | |a TK5105.888. |b S7856 1998 |
| 245 | 1 | 0 | |a Microsoft frontpage 98 |c William R. Stanek |
| 250 | |a 3rd ed. | ||
| 260 | |a Indianapolis : |b Samsnet , |c 1998 | ||
| 300 | |a 1040p. ; |c 23 cm. | ||
| 650 | 0 | 0 | |a Microsoft FrontPage |
| 650 | 0 | 0 | |a Web publishing |
| 650 | 0 | 0 | |a Web sites |x Design |
| 700 | 1 | |a Stanek, William R. | |
| 999 | |a 0000007479 |b BOOK |c Open Shelf |e Default branch | ||